Loga związane z telefonami - Statystyki

Ogólne statystyki
  • Ten quiz został rozwiązany 80 razy
  • Średni wynik to 15 z 16
Statystyki odpowiedzi
Obrazkowy Odpowiedź % Poprawnych
Apple
100%
Samsung
100%
Facebook
98%
TikTok
98%
Allegro
97%
Google
97%
Instagram
97%
Messenger
97%
Motorola
97%
Snapchat
97%
X
95%
Nokia
94%
Whatsapp
91%
Xiaomi
85%
Huawei
83%
Microsoft OneDrive
43%
Nie znaleziono quizów pasujących do podanych kryteriów
Rozkład punktacji
Procent ludzi z każdym wynikiem
Percentyl według liczby udzielonych odpowiedzi
Twoja historia wyników
Nie rozwiązałeś tego quizu